000 00533nam a22001937a 4500
001 83410
003 BD-RjUL
005 20240319151230.0
008 240319s1975 ii ||||| |||| 00| 0 urd d
035 _a(BD-RjUL)83410
040 _aBD-RjUL
_beng
_cBD-RjUL
041 _aurd
082 _223
_a891.4391
_bSA
245 _aاوراقِ زندگى / Aurāq-i zindagī /
_cبسمل سعىدى. ;; Bismil Saʻīdī.
260 _aLakhnuw :
_bMeher pub. ,
_c1975
300 _a128 p. ;
_c18 cm
650 _aUrdu Poetry
942 _2ddc
_cBK
999 _c83410
_d83410